000 00379nam a2200157Ia 4500
008 151213s9999 xx 000 0 und d
100 _aMd. Khalakuzzaman
245 _aBusiness Law
_cMd. Khalakuzzaman
250 _a1st
260 _aDhaka
_bFarida Begume , Fatema
_c2008
300 _a7806 p.
650 _aLaw
650 _aLaw
700 _aMd. Khalakuzzaman
999 _c4039
_d4039